VELOCIDADE REDUZIDA - Statistics

Estatísticas Gerais
  • Esse quiz foi jogado 218 vezes
    217 desde o último reset
  • A pontuação média é 14 de 16
Estatísticas das Respostas
Hint Resposta % Correto
VELOCIDADE 100kt
100%
ALTITUDE MÍNIMA 5000ft
100%
ALTITUDE MÁXIMA 6000ft
100%
REDUZIR POTÊNCIA ATÉ SOAR A: buzina
100%
POLEGADAS +-17
98%
POLEGADAS +-20
88%
BAIXAR ??° DE FLAPE 30
88%
AGUARDAR VELOCIDADE CAIR PARA 70kt
88%
VELOCIDADE 80kt
88%
BAIXAR POTENCIA PARA 15
85%
REDUZIR PARA ?? POL. APÓS ATINGIR ??? kt 20 100
85%
EXECUTAR UMA: arremetida no ar
83%
LIGAR farol de taxi
83%
ACELERAR PARA: +-23
80%
COMANDAR: trem embaixo
66%
MANTENDO: reta e altitude
41%
Nenhum quiz correspondente encontrado
Distribuição das Pontuações
Porcentagem de Pessoas com Cada Pontuação
Percentil de Números Respondidos
Sua Pontuação Histórica
Você não jogou esse quiz desde o último reset